000 00521nam a2200181Ia 4500
005 20250326142157.0
008 250326s9999 xx 000 0 und d
037 _aTextbook
040 _aFMSL
_beng
_cFMSL
041 _aeng
_2eng
084 _aX:92 M1
_qFMSL
100 _aBlock J R
_9745710
245 0 _aPerformance appraisal on the job : Making it work
_cBlock J R
260 _aNew York
_bNew York, Executive Enterprieses
_c1981
300 _a86p
942 _cTB
_hX:92 M1
999 _c1293798
_d1293798